<?xml version="1.0" encoding="UTF-8"?>
<record
    xmlns:xsi="http://www.w3.org/2001/XMLSchema-instance"
    xsi:schemaLocation="http://www.loc.gov/MARC21/slim http://www.loc.gov/standards/marcxml/schema/MARC21slim.xsd"
    xmlns="http://www.loc.gov/MARC21/slim">

  <leader>00456nam a22001577a 4500</leader>
  <controlfield tag="008">240419b        |||||||| |||| 00| 0 eng d</controlfield>
  <datafield tag="020" ind1=" " ind2=" ">
    <subfield code="a">9781544348520</subfield>
  </datafield>
  <datafield tag="082" ind1=" " ind2=" ">
    <subfield code="a">300.72</subfield>
  </datafield>
  <datafield tag="100" ind1=" " ind2=" ">
    <subfield code="a">Esposito, Jennifer.</subfield>
  </datafield>
  <datafield tag="245" ind1=" " ind2=" ">
    <subfield code="a">Introduction to Intersectional Qualitative Research</subfield>
  </datafield>
  <datafield tag="260" ind1=" " ind2=" ">
    <subfield code="a">Los Angeles: </subfield>
    <subfield code="b">Sage,</subfield>
    <subfield code="c">2022.</subfield>
  </datafield>
  <datafield tag="300" ind1=" " ind2=" ">
    <subfield code="a">xvii, 206 p.;</subfield>
    <subfield code="b">Colour ill.;</subfield>
    <subfield code="c">23.1 Cm.</subfield>
  </datafield>
  <datafield tag="700" ind1=" " ind2=" ">
    <subfield code="a">Winters, Venus Evans.</subfield>
    <subfield code="e">Author</subfield>
  </datafield>
  <datafield tag="942" ind1=" " ind2=" ">
    <subfield code="2">ddc</subfield>
  </datafield>
  <datafield tag="999" ind1=" " ind2=" ">
    <subfield code="c">9896</subfield>
    <subfield code="d">9897</subfield>
  </datafield>
  <datafield tag="952" ind1=" " ind2=" ">
    <subfield code="0">0</subfield>
    <subfield code="1">0</subfield>
    <subfield code="2">ddc</subfield>
    <subfield code="4">0</subfield>
    <subfield code="7">0</subfield>
    <subfield code="8">QRM </subfield>
    <subfield code="a">RTCLIB</subfield>
    <subfield code="b">RTCLIB</subfield>
    <subfield code="c">QRM </subfield>
    <subfield code="d">2024-04-19</subfield>
    <subfield code="h">18646</subfield>
    <subfield code="l">0</subfield>
    <subfield code="o">300.72 ESP C.1</subfield>
    <subfield code="p">30019379</subfield>
    <subfield code="r">2024-04-19 00:00:00</subfield>
    <subfield code="w">2024-04-19</subfield>
    <subfield code="y">QRM</subfield>
  </datafield>
  <datafield tag="952" ind1=" " ind2=" ">
    <subfield code="0">0</subfield>
    <subfield code="1">0</subfield>
    <subfield code="2">ddc</subfield>
    <subfield code="4">0</subfield>
    <subfield code="7">0</subfield>
    <subfield code="8">QRM </subfield>
    <subfield code="a">RTCLIB</subfield>
    <subfield code="b">RTCLIB</subfield>
    <subfield code="c">QRM </subfield>
    <subfield code="d">2024-04-19</subfield>
    <subfield code="h">18647</subfield>
    <subfield code="l">0</subfield>
    <subfield code="o">300.72 ESP C.2</subfield>
    <subfield code="p">30019395</subfield>
    <subfield code="r">2024-04-19 00:00:00</subfield>
    <subfield code="w">2024-04-19</subfield>
    <subfield code="y">QRM</subfield>
  </datafield>
</record>
